Самые населенные агломерации мира - Statistics

General Stats
  • This quiz has been taken 85 times
  • The average score is 35 of 100
Answer Stats
Номер Население Агломерация % Correct
2 41 000 000 Токио
98%
14 21 200 000 Пекин
96%
13 22 000 000 Нью-Йорк
93%
18 19 100 000 Москва
91%
4 34 600 000 Дели
84%
39 11 500 000 Париж
84%
81 6 500 000 Санкт-Петербург
84%
3 40 800 000 Шанхай
82%
22 17 200 000 Лос-Анджелес
80%
27 14 900 000 Лондон
80%
9 25 100 000 Сеул
75%
8 25 100 000 Мехико
71%
10 22 500 000 Каир
71%
25 15 900 000 Стамбул
69%
36 12 500 000 Рио-де-Жанейро
67%
54 8 550 000 Вашингтон
65%
5 29 200 000 Джакарта
64%
77 6 650 000 Мадрид
64%
7 27 100 000 Мумбаи
62%
23 16 700 000 Буэнос-Айрес
60%
1 70 100 000 Гуанчжоу
56%
6 27 200 000 Манила
56%
12 22 100 000 Сан-Паулу
56%
48 9 650 000 Чикаго
56%
24 16 500 000 Тегеран
55%
68 7 450 000 Сан-Франциско
55%
70 7 250 000 Гонконг
55%
91 5 950 000 Дубай
51%
11 22 500 000 Дакка
49%
15 21 200 000 Бангкок
49%
17 20 700 000 Лагос
49%
82 6 300 000 Майами
47%
16 20 900 000 Карачи
45%
55 8 250 000 Сантьяго
45%
65 7 500 000 Эр-Рияд
45%
20 17 700 000 Осака
44%
57 7 850 000 Сингапур
44%
63 7 650 000 Багдад
44%
71 7 150 000 Ханой
44%
38 11 800 000 Лима
42%
51 9 300 000 Куала-Лумпур
42%
61 7 700 000 Бостон
42%
29 14 600 000 Йоханнесбург
40%
62 7 700 000 Торонто
40%
64 7 650 000 Даллас
40%
66 7 500 000 Филадельфия
40%
46 9 950 000 Тайбэй
38%
33 13 900 000 Сайгон
36%
88 6 100 000 Милан
36%
26 15 600 000 Киншаса
35%
45 10 400 000 Богота
35%
19 17 700 000 Калькутта
33%
30 14 500 000 Лахор
29%
43 10 900 000 Чунцин
29%
37 12 200 000 Ухань
27%
76 6 700 000 Найроби
25%
52 9 300 000 Нанкин
22%
73 7 050 000 Хьюстон
22%
87 6 100 000 Атланта
22%
95 5 750 000 Детройт
22%
94 5 850 000 Гвадалахара
20%
31 14 200 000 Бангалор
16%
44 10 500 000 Нагоя
16%
50 9 350 000 Луанда
16%
72 7 050 000 Хартум
16%
75 6 800 000 Абиджан
16%
84 6 200 000 Александрия
16%
21 17 300 000 Чэнду
15%
86 6 150 000 Янгон
15%
98 5 450 000 Харбин
15%
78 6 600 000 Аккра
13%
89 6 000 000 Амман
13%
35 12 600 000 Ченнаи
11%
40 11 500 000 Тяньцзинь
11%
83 6 250 000 Дар-эс-Салам
11%
34 12 800 000 Сиань
9%
49 9 600 000 Ахмадабад
9%
67 7 450 000 Циндао
9%
93 5 900 000 Сурабая
9%
90 6 000 000 Монтеррей
7%
96 5 650 000 Рурская Агломерация
7%
97 5 450 000 Бамако
7%
99 5 300 000 Далянь
7%
41 11 400 000 Хайдарабад
5%
53 8 700 000 Шэньян
5%
59 7 750 000 Пуна
5%
60 7 750 000 Сурат
5%
32 13 900 000 Ханчжоу
4%
47 9 800 000 Чжэнчжоу
4%
74 6 950 000 Бандунг
4%
42 11 000 000 Чанша
2%
80 6 500 000 Куньмин
2%
100 5 300 000 Наньнин
2%
28 14 900 000 Сямынь
0%
56 8 000 000 Шаньтоу
0%
58 7 800 000 Хэфэй
0%
69 7 300 000 Нинбо
0%
79 6 550 000 Цзинань
0%
85 6 200 000 Шицзячжуан
0%
92 5 950 000 Тайюань
0%
No matching quizzes found
Score Distribution
Percent of People with Each Score
Percentile by Number Answered
Your Score History
You have not taken this quiz